000 00735nam a2200253 i 4500
001 C2-0300665
003 PPAK
005 20180728082144.0
008 091111s2007 my |||| ||||| | may d
020 _a9789831953051
040 _aPPAK
_beng
_cPPAK
_erda
082 0 4 _a297.2709595
_223
090 0 0 _a297.2709595
_bISL
_dG
090 0 0 _a297.2709595
_bISL
_dKMI
245 0 0 _aIslam di Tanah Melayu abab ke-19
264 1 _aShah Alam, Selangor :
_bKarisma Publications ,
_c2007
300 _aviii, 217 pages ;
_c21 cm
336 _2rdacontent
_atext
337 _2rdamedia
_aunmediated
338 _2rdacarrier
_avolume
650 1 0 _aIslam and state - Malaysia - History.
700 0 _aFarid Mat Zain,
_eeditor
942 _ddc
_cB
999 _c104536
_d104536